Statistics for Russian History A-Z

Click here to take the quiz!

General Stats

  • This quiz has been taken 8,844 times
  • The average score is 18 of 26

Answer Stats

HintAnswer% Correct
ATerritory that Russia sold to the United States in 1867 for just $7.2 millionAlaska
98%
JRussia nearly lost its entire Pacific fleet in a disastrous war with
this country in 1904-05
Japan
93%
HOne of the items on the Soviet flagHammer
91%
IThe first Tsar of RussiaIvan the Terrible
90%
GSiberian prison system during the reign of Joseph StalinGulag
90%
SFormer name of VolgogradStalingrad
89%
BCommunist faction that came to power in 1917Bolsheviks
89%
NThe last tsar of Russia, executed in 1918Nicholas II
87%
UIn an event called the Holodomor, Soviet leaders inflicted a terrible famine
on this country, killing millions
Ukraine
78%
PMendeleev published the first version of this "table" in 1860{Periodic} Table
78%
YThe first democratically-elected leader in Russian historyBoris Yeltsin
75%
TThis writer died in 1910 having never won a Nobel Prize, considered to be
one of the greatest omissions in its history
Leo Tolstoy
74%
KSoviet leader who de-Stalinized the country in the 1950sNikita Khrushchev
73%
OThe second of the two 1917 revolutions{October} Revolution
73%
RRoyal house that ruled Russia from 1613 to 1917Romanov
70%
EChurchill described Russia as "a riddle wrapped in a mystery inside an _____"Enigma
70%
WArmy that fought against the Communists from 1917-1921{White} Army
63%
LSpace dog who became the first animal to orbit Earth in 1957Laika
57%
FThe first of the two 1917 revolutions{February} Revolution
56%
DAuthor who said "If there is no God, everything is permitted"Fyodor Dostoyevsky
55%
CFederal subject of Russia that tried to break away in the 1990sChechnya
52%
MForeign minister who signed a non-aggression pact with Germany in 1939Vyacheslav Molotov
44%
VGroup of northern people who ruled over the Kievan Rus'Vikings
40%
ZMost-decorated Soviet general of WWIIGeorgy Zhukov
36%
QContemporary term for tsar Alexis
(like Alexander the Great, Suleiman the Magnificent etc, in this case Alexis the ...)
Quiet
19%
XPrincess consort of Tver who is counted as a saint in the Russian Orthodox Church{Xenia} of Tarusa
18%

Score Distribution

Percentile by Number Answered

Percent of People with Each Score

Your Score History

You have not taken this quiz